[Event "SLO-ch"]
[Site "SLO"]
[Date "1991.??.??"]
[Round "?"]
[White "Tratar, Marko"]
[Black "Crepan, Marjan"]
[Result "1/2-1/2"]
[WhiteElo "2340"]
[BlackElo "2340"]

1.d4 d5 2.c4 c6 3.Nf3 Nf6 4.Nc3 dxc4 5.a4 Bf5 6.Ne5 Nbd7 7.Nxc4 Qc7 8.g3 e5
9.dxe5 Nxe5 10.Bf4 Nfd7 11.Bg2 Be6 12.Nxe5 Nxe5 13.Qd4 f6 14.a5 a6 15.O-O Rd8
16.Qa7 Bb4 17.Na4 Qe7 18.Be3 O-O 19.Nc5 Bc4 20.Qb6 Bb5 21.Rfc1 Ng4 22.Ne4 Rd5
23.Bc5 Bxc5 24.Rxc5 Rd7 25.Rcc1 Qb4 26.Nc3 Ne5 27.Nxb5 axb5 28.a6 bxa6 29.Bxc6 Rd2
30.Bf3 Rd6 31.Qb7 Qxb2 32.Rcb1 Qc2 33.Rc1 Qb2 34.Rcb1 Nxf3+ 35.exf3 Qe5 36.Re1 Qd5
37.Qxd5+ Rxd5 38.Rxa6 Rb8 39.Ra7 Re5 40.Rd1 b4 41.Rdd7 Reb5 42.Rxg7+ Kh8
43.Rxh7+ Kg8 44.Rag7+ Kf8 45.Rd7 Kg8 46.Rhg7+ Kh8 47.Rge7 b3 48.Rh7+ Kg8  1/2-1/2

[Event "BUL-chT"]
[Site "Sofia"]
[Date "1991.??.??"]
[Round "5"]
[White "Kolev, Atanas"]
[Black "Kirov, Nino"]
[Result "1-0"]
[WhiteElo "2460"]
[BlackElo "2455"]

1.d4 d5 2.c4 c6 3.Nf3 Nf6 4.Nc3 dxc4 5.a4 Bf5 6.e3 e6 7.Bxc4 Bb4 8.O-O O-O
9.Qe2 Bg6 10.Ne5 Nbd7 11.Nxg6 hxg6 12.Rd1 Qe7 13.e4 e5 14.d5 Nb6 15.Bb3 cxd5
16.exd5 e4 17.Bg5 Nbd7 18.Bf4 Nh5 19.d6 Qd8 20.Be3 Bxc3 21.bxc3 Kh7 22.Kh1 f5
23.g4 Nhf6 24.gxf5 gxf5 25.Qf1 Ng4 26.Qh3+ Kg6 27.Rg1 Ne5 28.Rxg4+ fxg4 29.Rg1 Qd7
30.Bd1 Rad8 31.Bxg4 Nxg4 32.Rxg4+ Kf7 33.Bd4 g5 34.Qh7+ Ke6 35.Qxe4+ Kf7
36.Qh7+ Ke6 37.Qg6+ Kd5 38.Rxg5+ Kc4 39.Rc5+  1-0

[Event "St Ingbert op"]
[Site "St Ingbert"]
[Date "1991.??.??"]
[Round "6"]
[White "Polnarieva, Larisa"]
[Black "Bosboom, Manuel"]
[Result "1/2-1/2"]
[WhiteElo "2210"]
[BlackElo "2480"]

1.d4 d5 2.Nf3 Nf6 3.c4 c6 4.Nc3 dxc4 5.a4 Bf5 6.e3 e6 7.Bxc4 Bb4 8.Bd2 Qe7
9.O-O O-O 10.Na2 Bxd2 11.Qxd2 Nbd7 12.Nc3 Rfd8  1/2-1/2

[Event "Tatran Cup"]
[Site "Stary Smokovec"]
[Date "1991.??.??"]
[Round "3"]
[White "Sokolov, Ivan"]
[Black "Horvath, Csaba"]
[Result "1/2-1/2"]
[WhiteElo "2570"]
[BlackElo "2450"]

1.d4 d5 2.c4 c6 3.Nf3 Nf6 4.Nc3 dxc4 5.a4 Bf5 6.e3 e6 7.Bxc4 Bb4 8.O-O O-O
9.Nh4 Nbd7 10.f3 Bg6 11.e4 e5 12.Nxg6 hxg6 13.Be3 Qb6 14.Kh1 Rad8 15.Ne2 a5
16.Qb3 Qc7 17.Rac1 exd4 18.Nxd4 Qe5 19.Rfd1 Nh5 20.Ne6 fxe6 21.Bxe6+ Kh7
22.Rxd7 Bd6 23.Bg1 Nf4 24.Rxd8 Rxd8 25.Bc4 Nxg2 26.Rd1 Nh4 27.Bf1 Rf8 28.Rd3  1/2-1/2

[Event "Stavanger op"]
[Site "Stavanger"]
[Date "1991.??.??"]
[Round "7"]
[White "Ostenstad, Berge"]
[Black "Hector, Jonny"]
[Result "1-0"]
[WhiteElo "2475"]
[BlackElo "2500"]

1.d4 d5 2.c4 c6 3.Nf3 Nf6 4.Nc3 dxc4 5.a4 Bf5 6.e3 e6 7.Bxc4 Bb4 8.O-O Nbd7
9.Nh4 Bg6 10.Nxg6 hxg6 11.Be2 Qc7 12.g3 O-O-O 13.Qb3 Qb6 14.a5 Bxa5 15.Qa4 Bb4
16.Na2 Bd6 17.Bd2 Bc7 18.Rfc1 Ne4 19.Be1 Qxb2 20.Qd1 a5 21.Nc3 Nxc3 22.Bxc3 Qb6
23.Bxa5 Qxa5 24.Rxa5 Bxa5 25.Qa4 Bc7 26.Qa8+ Nb8 27.Rb1 b6 28.Bf3 Kd7 29.Qb7 Kd6
30.Bxc6 Rh5 31.Bf3  1-0

[Event "Ter Apel"]
[Site "Ter Apel"]
[Date "1991.??.??"]
[Round "3"]
[White "Cramling, Pia"]
[Black "Brenninkmeijer, Joris"]
[Result "0-1"]
[WhiteElo "2470"]
[BlackElo "2520"]

1.d4 d5 2.c4 c6 3.Nf3 Nf6 4.Nc3 dxc4 5.a4 Bf5 6.Ne5 e6 7.g3 Bb4 8.Bg2 Be4
9.f3 Bg6 10.e4 c5 11.Be3 cxd4 12.Qxd4 Qxd4 13.Bxd4 O-O 14.Bf1 Nfd7 15.Nxc4 Nc6
16.Be3 Nc5 17.Be2 f5 18.exf5 Bxf5 19.O-O Nb3 20.Rad1 Rad8 21.Rxd8 Rxd8 22.Ne4 Nbd4
23.Bd1 h6 24.Kg2 e5 25.h4 Be6 26.Ncd2 Nf5 27.Kf2 Rd3 28.Bc2 Rxe3 29.g4 Ncd4
30.gxf5 Re2+ 31.Kg1 Bxd2 32.Bd1 Be3+ 33.Kh1 Bc4 34.Bxe2 Bxe2 35.Re1 Bxf3+
36.Kh2 Nc2  0-1

[Event "Torcy op"]
[Site "Torcy"]
[Date "1991.??.??"]
[Round "?"]
[White "Komljenovic, Davor"]
[Black "Velikov, Petar"]
[Result "1/2-1/2"]
[WhiteElo "2490"]
[BlackElo "2425"]

1.d4 d5 2.c4 c6 3.Nf3 Nf6 4.Nc3 dxc4 5.a4 Bf5 6.Ne5 Nbd7 7.Nxc4 Nb6 8.Ne5 e6
9.f3 Nbd7 10.e4 Bg6 11.Nc4 Bb4 12.Bg5 Be7 13.Be3 O-O 14.Be2 Nb6 15.Ne5 Nbd7
16.Nd3 Ne8 17.O-O a5 18.Qb3 Qb8 19.Kh1 Nc7 20.Bf4 Qc8 21.Rac1 Bf6 22.Be3 Be7
23.Rfd1 Re8 24.Bf1 Bd6 25.g3 Qb8 26.Bh3 Na6 27.Nf4 Nf8 28.Nxg6 Nxg6 29.Bf2 Nb4
30.Bf1 Rd8 31.d5 exd5 32.exd5 Ne5 33.dxc6 bxc6 34.Ne4 Bf8 35.Bd4 Nbd3 36.Qxb8 Raxb8
37.Bxe5 Nxe5 38.f4 Ng4 39.Rxd8 Rxd8 40.Bc4 h6 41.Be2  1/2-1/2

[Event "Tuzla"]
[Site "Tuzla"]
[Date "1991.??.??"]
[Round "7"]
[White "Blagojevic, Dragisa"]
[Black "Stoinev, Metodi"]
[Result "0-1"]
[WhiteElo "2425"]
[BlackElo "2230"]

1.d4 d5 2.c4 c6 3.Nf3 Nf6 4.Nc3 dxc4 5.a4 Bf5 6.e3 e6 7.a5 Bd3 8.Bxd3 cxd3
9.Qb3 Qc7 10.O-O Na6 11.e4 Bb4 12.e5 Nd5 13.Ne4 h6 14.Nd6+ Ke7 15.Nc4 Rad8
16.Qxd3 Kd7 17.Nfd2 Kc8 18.Ne4 Kb8 19.Bd2 Be7 20.Ned6 Bxd6 21.exd6 Rxd6 22.Nxd6 Qxd6
23.Qf3 f6 24.Rfe1 Re8 25.Re4 Nac7 26.Rae1 a6 27.Qh5 Re7 28.Qg6 Ka7 29.h3 Nb5
30.Qg3 Qxg3 31.fxg3 Nbc7 32.Kf2 Kb8 33.Ke2 Kc8 34.Kd3 Kd7 35.Kc4 Nb5 36.R4e2 Nd6+
37.Kc5 g5 38.g4 Re8 39.Bc1 Re7 40.Be3 Re8 41.Bg1 b6+ 42.axb6 Nb7+ 43.Kc4 Na5+
44.Kd3 Nf4+ 45.Kc3 Nxe2+ 46.Rxe2 Nb7 47.Bh2 a5 48.Kc4 a4 49.Rf2 Ke7 50.Rf3 Ra8
51.Bc7 Ra5 52.Ra3 e5 53.dxe5 fxe5 54.Re3 Ke6 55.Kb4 Rb5+ 56.Kxa4 Nc5+ 57.Ka3 Nd7
58.Rc3 c5 59.Ka4 Rb4+ 60.Ka5 Rxb2 61.Rd3 e4 62.Rd6+ Ke7 63.Rxh6 e3 64.Rh7+ Ke6
65.Rh6+ Kd5 66.Ka6 e2 67.Rd6+ Kc4 68.Re6 Kd3 69.b7 c4 70.Rd6+ Kc2 71.Rxd7 e1=Q
72.Rd5 Qb4 73.b8=Q Ra2+ 74.Ra5 Rxa5+ 75.Bxa5 Qxb8  0-1

[Event "Val Thorens op"]
[Site "Val Thorens"]
[Date "1991.??.??"]
[Round "?"]
[White "Avshalumov, Alex"]
[Black "Ninov, Kiril"]
[Result "1-0"]
[WhiteElo "2475"]
[BlackElo "2390"]

1.d4 d5 2.c4 c6 3.Nf3 Nf6 4.Nc3 dxc4 5.a4 Bf5 6.e3 e6 7.Bxc4 Bb4 8.O-O O-O
9.Nh4 Nbd7 10.Nxf5 exf5 11.f3 Rc8 12.Bd3 g6 13.e4 c5 14.d5 c4 15.Bc2 fxe4
16.fxe4 Bd6 17.Kh1 Be5 18.Qf3 Kg7 19.Bf4 Qe7 20.Rad1 Ne8 21.Nb5 Nd6 22.Qa3 Rc5
23.Nd4 Rc7 24.Qg3 Kg8 25.Nf5 Nxf5 26.exf5 Qd6 27.Qh4 Bxf4 28.Rxf4 c3 29.b4 Re8
30.Qg3 Nf6 31.fxg6 fxg6 32.Rxf6 Qxf6 33.Qxc7 Qf2 34.Qxc3 Re2 35.Be4 Rxe4
36.d6 Re2 37.Qg3 Rd2 38.Re1 Qxg3 39.Re8+ Kf7 40.Re7+ Kf8 41.hxg3 Rxd6 42.Rxb7 a6
43.Rxh7 Rb6 44.Rh4 Rc6 45.Re4 Rc1+ 46.Kh2 Kf7 47.a5 Kf6 48.g4 Rc3 49.Kg1 Rc2
50.Kf1 Rb2 51.Rc4 Kg5 52.g3 Kf6 53.Re4 Kg5 54.Ke1 Rg2 55.Re6 Rb2 56.Rb6 Kxg4
57.Rxg6+ Kf3 58.Rxa6 Rxb4 59.Kd2 Kxg3 60.Kc3 Ra4 61.Kb3 Ra1 62.Kb4 Kf4 63.Re6 Kf5
64.Re3 Kf6 65.Ra3 Rb1+ 66.Ka4 Ke6 67.a6 Rb8 68.a7 Ra8 69.Kb5  1-0

[Event "Warsaw Legion op"]
[Site "Warsaw"]
[Date "1991.??.??"]
[Round "6"]
[White "Kiselev, Sergey"]
[Black "Zapolskis, Antanas"]
[Result "1/2-1/2"]
[WhiteElo "2475"]
[BlackElo "2370"]

1.d4 d5 2.Nf3 Nf6 3.c4 c6 4.Nc3 dxc4 5.a4 Bf5 6.e3 e6 7.Bxc4 Bb4 8.O-O O-O
9.Qe2 Be4 10.Bd2 Bxf3  1/2-1/2

[Event "Werfen"]
[Site "Werfen"]
[Date "1991.??.??"]
[Round "7"]
[White "Mandl, Robert"]
[Black "Herndl, Harald"]
[Result "1-0"]
[WhiteElo "2395"]
[BlackElo "2275"]

1.c4 Nf6 2.Nf3 c6 3.d4 d5 4.Nc3 dxc4 5.a4 Bf5 6.Ne5 Nbd7 7.Nxc4 Qc7 8.g3 e5
9.dxe5 Nxe5 10.Bf4 Rd8 11.Qc1 Bd6 12.Nxd6+ Qxd6 13.Bg2 O-O 14.O-O Qe6 15.a5 a6
16.Ra4 Ned7 17.Rb4 Nc5 18.Qe3 Nfd7 19.Qxe6 Bxe6 20.Rd1 Rfe8 21.Bg5 f6 22.Be3 f5
23.Rbd4 Nb3 24.Rd6 Nxa5 25.Bg5 Rc8 26.Rxd7 Bxd7 27.Rxd7 b5 28.b4 Nc4 29.Be7 a5
30.bxa5 Nxa5 31.Bh3 Rb8 32.Bxf5 b4 33.Ne4 Rb7 34.Rxb7 Nxb7 35.Bxb4 Re5 36.g4 g6
37.Bc3 Rb5 38.Bd7 Rb1+ 39.Kg2 c5 40.Bc6  1-0

[Event "Simferopol/Alushta"]
[Site "Alushta"]
[Date "1992.??.??"]
[Round "?"]
[White "Malaniuk, Vladimir P"]
[Black "Milov, Leonid"]
[Result "1/2-1/2"]
[WhiteElo "2540"]
[BlackElo "2400"]

1.d4 d5 2.c4 c6 3.Nf3 Nf6 4.Nc3 dxc4 5.a4 Bf5 6.Ne5 e6 7.f3 Bb4 8.e4 Bxe4
9.fxe4 Nxe4 10.Bd2 Qxd4 11.Nxe4 Qxe4+ 12.Qe2 Bxd2+ 13.Kxd2 Qd5+ 14.Kc2 Na6
15.Nxc4 O-O 16.Qe5 Rab8 17.Be2 Nb4+ 18.Kb3 b5 19.axb5 Rxb5 20.Qxd5 cxd5 21.Ne3 Rb7
22.Kc3 Nc6 23.Nd1 Rc8 24.Kd2 Nd4 25.Ba6 Rc2+ 26.Ke3 Rb4 27.Bd3 Rc7 28.Nc3 Nb3
29.Ra4 d4+ 30.Kf3 Rxc3 31.Rxb4 Rxd3+ 32.Ke2 Re3+ 33.Kf2 g5 34.Rxd4 Re5 35.Rb4 Nc5
36.Rd1 a5 37.Rb8+ Kg7 38.Kg1 Na6 39.Rb7 Kg6 40.Rd8 Rf5 41.Rg8+ Kf6 42.Ra8 Nb4
43.g4 Rf4 44.h3 Nc6 45.Ra6 Rc4 46.Kf1 a4 47.Rab6 Na5 48.Ra7 Nc6 49.Rc7 Rf4+
50.Ke2 Nb4 51.Rc5 Rd4 52.Ke3 Rf4 53.Kd2 Rf2+ 54.Kc3 Na2+ 55.Kc4 Rf3 56.Ra5 Rxh3
57.Rxa4 Nc1 58.Rd6 h5 59.gxh5 Rxh5 60.Ra1 Ne2 61.b4 Nf4 62.b5 Rh8 63.b6 Rb8
64.Kc5 Nd5 65.Rb1 Rb7  1/2-1/2

[Event "Asuncion"]
[Site "Asuncion"]
[Date "1992.??.??"]
[Round "4"]
[White "Soppe, Guillermo"]
[Black "Rubinetti, Jorge A"]
[Result "1-0"]
[WhiteElo "2440"]
[BlackElo "2450"]

1.d4 d5 2.c4 c6 3.Nc3 Nf6 4.Nf3 dxc4 5.a4 Bf5 6.Nh4 Bc8 7.e3 e5 8.Bxc4 exd4
9.exd4 Be7 10.O-O O-O 11.Qd3 Ne8 12.Nf3 Nd6 13.Ba2 Bf5 14.Qe2 Na6 15.Ne5 Nb4
16.Bb3 Bf6 17.Rd1 a5 18.g4 Be6 19.Bxe6 fxe6 20.Bf4 Nd5 21.Bg3 Qe7 22.Re1 Rae8
23.Nf3 Nf7 24.Ne4 Qb4 25.Nc5 Re7 26.Qc2 Rfe8 27.Re4 Ng5 28.Nxg5 Bxg5 29.Rae1 Nf6
30.Nd3 Qd2 31.Qb3 Nxe4 32.Rxe4 b5 33.h4 bxa4 34.Qc4 Bf6 35.g5 Bxg5 36.hxg5 Qxg5
37.Ne5 Qf5 38.Re1 h5 39.Nxc6 Rf7 40.d5 e5 41.d6 Kh7 42.Rxe5 Rxe5 43.Nxe5 Rf6
44.Qd3  1-0

[Event "AUT-chT"]
[Site "AUT"]
[Date "1992.??.??"]
[Round "?"]
[White "Zoebisch, Herbert"]
[Black "Herndl, Harald"]
[Result "1/2-1/2"]
[WhiteElo "2215"]
[BlackElo "2275"]

1.d4 d5 2.c4 c6 3.Nf3 Nf6 4.Nc3 dxc4 5.a4 Bf5 6.Ne5 c5 7.e3 cxd4 8.Bxc4 e6
9.exd4 Be7 10.g4 Bg6 11.h4 Be4 12.Nxe4 Nxe4 13.Bb5+ Kf8 14.Qf3 Bb4+ 15.Ke2 Nd6
16.Bg5 f6 17.h5 Nxb5 18.axb5 Qxd4 19.Nd3 Nd7 20.Be3 Qc4 21.Rhc1 Qxb5 22.Rxa7 Rxa7
23.Bxa7 Ke7 24.Rc7 b6 25.Qe4 Bd6 26.Rb7 Kd8 27.Qd4 Bc5 28.Bxb6+ Bxb6 29.Rxd7+ Qxd7
30.Qxb6+ Ke7 31.Nc5 Qc8 32.Qa7+ Kf8 33.b4 h6 34.f3 e5 35.Ke3 Qe8 36.Qc7 Kg8
37.Nd7 Qe7 38.Qc4+ Qf7 39.Qc8+ Kh7 40.Qc2+ f5 41.Qxf5+ Qxf5 42.gxf5 Rd8 43.Nxe5 Rd5
44.Ke4 Rb5 45.Nc6 Kg8 46.Kd4 Kf8 47.Kc4 Rxf5 48.b5 Rf6 49.Kd5 Rxf3 50.Nd4 Rf6
51.Nc6 Rf1 52.Kd6 Rb1 53.Nd4 Kf7 54.Kc6 Kf6 55.b6 Rc1+ 56.Kd5 Kg5 57.Ne6+ Kxh5
58.Nxg7+ Kg6 59.Ne6 Rb1 60.Kc6 h5 61.Nf4+ Kg5 62.Nxh5 Kxh5 63.b7 Rxb7 64.Kxb7  1/2-1/2

[Event "Bankia tt"]
[Site "Bankia"]
[Date "1992.??.??"]
[Round "3"]
[White "Nenkov, Ljudmil"]
[Black "Stoinev, Metodi"]
[Result "1-0"]
[WhiteElo "2300"]
[BlackElo "2380"]

1.d4 d5 2.c4 c6 3.Nf3 Nf6 4.Nc3 dxc4 5.a4 Bf5 6.Nh4 e6 7.Nxf5 exf5 8.e3 Bb4
9.Bxc4 O-O 10.O-O Nbd7 11.Qc2 g6 12.Bd2 Nb6 13.Ba2 a5 14.Rae1 Qd6 15.Re2 Rfe8
16.g3 Ne4 17.Be1 Re7 18.f3 Ng5 19.h4 Ne6 20.Rg2 Rae8 21.Bf2 Nd7 22.Rd1 Nf6
23.e4 fxe4 24.Nxe4 Nxe4 25.fxe4 Nc7 26.e5 Qd7 27.Be3 Nd5 28.Bg5 Re6 29.Rf1 Be7
30.Bd2 Bd8 31.Rgf2 Bb6 32.Bc3 R6e7 33.Qe4 f5 34.Qf3 Kg7 35.Kg2 h5 36.Rd2 Rd8
37.Re1 Kh7 38.Bb3 Qe8 39.Rde2 Qd7 40.e6 Qd6 41.Re5 Bc7 42.Bd2 Nf6 43.Rxf5 gxf5
44.Qxf5+ Kh8 45.Qxf6+ Rg7 46.Re5 Qe7 47.Rxh5+ Kg8 48.Qxe7 Rxe7 49.Bg5 Bd6
50.Bf6  1-0

[Event "Bankia tt"]
[Site "Bankia"]
[Date "1992.??.??"]
[Round "4"]
[White "Avramov, Anton"]
[Black "Stoinev, Metodi"]
[Result "0-1"]
[WhiteElo "2255"]
[BlackElo "2380"]

1.d4 d5 2.c4 c6 3.Nf3 Nf6 4.Nc3 dxc4 5.a4 Bf5 6.e3 e6 7.Bxc4 Bb4 8.O-O Nbd7
9.Qe2 Bg6 10.Rd1 O-O 11.Bd2 a5 12.Be1 Qe7 13.Bd3 e5 14.dxe5 Nxe5 15.Nxe5 Qxe5
16.f3 Bxd3 17.Rxd3 Rfe8 18.Rad1 h6 19.Bg3 Qc5 20.Bf2 Qc4 21.Rd4 Qb3 22.R1d3 Qe6
23.Rd1 Bc5 24.R4d3 Qc4 25.R1d2 Rac8 26.Qd1 Qe6 27.Ne2 Bb4 28.Rc2 c5 29.Nf4 Qc6
30.b3 b5 31.Rd6 Qb7 32.axb5 Qxb5 33.Rxf6 gxf6 34.Nh5 Re6 35.Bh4 Qa6 36.Qa1 Qd3
37.Rf2 Bc3 38.Qa4 Rd8 39.h3 Qf5 40.g4 Qb1+ 41.Kg2 Rd1 42.Qb5 Rh1 43.Kg3 Rg1+
44.Kh2 Be5+ 45.f4 Rh1+ 46.Kg3 Bd4  0-1

[Event "Beersheba"]
[Site "Beersheba"]
[Date "1992.??.??"]
[Round "5"]
[White "Chernin, Alexander"]
[Black "Greenfeld, Alon"]
[Result "1/2-1/2"]
[WhiteElo "2620"]
[BlackElo "2520"]

1.d4 Nf6 2.Nf3 d5 3.c4 c6 4.Nc3 dxc4 5.a4 Bf5 6.Nh4 Bc8 7.Nf3 Bf5 8.e3 e6
9.Bxc4 Bb4 10.O-O Nbd7 11.Qe2 Bg6 12.e4 Bxc3 13.bxc3 Nxe4 14.Ba3 Qc7 15.Nd2 Nxd2
16.Qxd2 c5 17.dxc5 O-O-O 18.Qe3 Ne5 19.Be2  1/2-1/2

[Event "Beijing"]
[Site "Beijing"]
[Date "1992.??.??"]
[Round "9"]
[White "Adianto, Utut"]
[Black "Torre, Eugenio"]
[Result "1-0"]
[WhiteElo "2475"]
[BlackElo "2555"]

1.d4 d5 2.c4 c6 3.Nf3 Nf6 4.Nc3 dxc4 5.a4 Bf5 6.Ne5 Nbd7 7.Nxc4 Qc7 8.g3 e5
9.dxe5 Nxe5 10.Bf4 Rd8 11.Qc1 Bd6 12.Nxd6+ Qxd6 13.Bg2 Qe6 14.O-O Nc4 15.b3 Na5
16.Qa3 Nxb3 17.Rad1 Rxd1 18.Rxd1 Bc2 19.Rd6 Qc4 20.Qb2 Bg6 21.Ne4 O-O 22.Nxf6+ gxf6
23.Qxf6 Nc1 24.Bf1 Nxe2+ 25.Bxe2 Qxe2 26.Bh6 Qe1+ 27.Kg2  1-0

[Event "Belgrade IKO"]
[Site "Belgrade"]
[Date "1992.??.??"]
[Round "13"]
[White "Giorgadze, Giorgi"]
[Black "Iashvili, Akaki"]
[Result "1-0"]
[WhiteElo "2525"]
[BlackElo "2455"]

1.d4 d5 2.c4 c6 3.Nc3 Nf6 4.Nf3 dxc4 5.a4 Bf5 6.e3 e6 7.Bxc4 Bb4 8.O-O Nbd7
9.Qe2 O-O 10.Rd1 Ne4 11.Na2 Bd6 12.Ne5 Bg6 13.Nxd7 Qxd7 14.f3 Nf6 15.e4 Bc7
16.Nc3 h6 17.a5 b5 18.axb6 axb6 19.Be3 b5 20.Bb3 Bb6 21.Rac1 Rfd8 22.Na2 Rac8
23.Nb4 Qb7 24.Qf2 Nd7 25.Nd3 Re8 26.h4 f6 27.Qg3 Kh7 28.Nf4 Bf7 29.Qg4 Nf8
30.Nh5 Bxh5 31.Qxh5 e5 32.Kh1 exd4 33.Bxd4 Bxd4 34.Rxd4 Ne6 35.Bxe6  1-0

[Event "Bern op"]
[Site "Bern"]
[Date "1992.??.??"]
[Round "8"]
[White "Kishnev, Sergey"]
[Black "Petursson, Margeir"]
[Result "1/2-1/2"]
[WhiteElo "2540"]
[BlackElo "2555"]

1.d4 d5 2.c4 c6 3.Nf3 Nf6 4.Nc3 dxc4 5.a4 Bf5 6.Ne5 e6 7.f3 c5 8.e4 cxd4
9.exf5 Nc6 10.Nxc6 bxc6 11.Bxc4 dxc3 12.fxe6 fxe6 13.Qe2 cxb2 14.Qxe6+ Qe7
15.Bxb2 Qxe6+ 16.Bxe6 Bb4+ 17.Kf2 Ke7 18.Ba2 Rhd8 19.Rhd1 Rab8 20.Be5 Bc5+
21.Kf1 Rxd1+ 22.Rxd1 Rb4 23.Rb1 Rxa4 24.Rb7+ Nd7 25.Bb3 Rh4 26.g4 Bd6 27.Bxg7 Rxh2
28.Ba4 Ke6 29.Bxc6 Ne5 30.Be4 Nc4 31.Kg1 Nd2 32.Rxa7 Nxe4 33.fxe4 Rh4 34.Kg2 Rxg4+
35.Kf3  1/2-1/2

[Event "Spring op"]
[Site "Budapest"]
[Date "1992.??.??"]
[Round "?"]
[White "Starosek, Konstantin"]
[Black "Varga, Peter"]
[Result "1/2-1/2"]
[WhiteElo "2405"]
[BlackElo "2310"]

1.d4 d5 2.Nf3 Nf6 3.c4 c6 4.Nc3 dxc4 5.a4 Bf5 6.e3 e6 7.Bxc4 Bb4 8.O-O Nbd7
9.Qb3 a5 10.Re1 O-O 11.Bd2 Bg4 12.Be2 Qb6 13.h3 Bxf3 14.Bxf3 e5 15.dxe5 Nxe5
16.Be2 Rad8 17.Red1 Nfd7 18.Ne4 Bxd2 19.Nxd2 Qc7 20.Qc3 Nf6 21.Nb3 Rxd1+
22.Rxd1 Ra8 23.Rd4 h6 24.Nc5 Nd5 25.Qd2 Qe7 26.Ne4 Nd7 27.Bc4 N7f6 28.Ng3 Qc5
29.e4 Nc7 30.Qe3 Re8 31.Nf5 Ne6 32.Bxe6 fxe6 33.Nd6 Rd8 34.e5 Ne8 35.Qf4 Nxd6
36.Rxd6 Rxd6 37.exd6 Qd5 38.h4 e5 39.Qf5 Qxd6 40.Qc8+ Kh7 41.Qf5+ Kg8 42.Qc8+ Kh7
43.Qf5+  1/2-1/2

[Event "Spring op"]
[Site "Budapest"]
[Date "1992.??.??"]
[Round "?"]
[White "Orgovan, Sandor"]
[Black "Szollosi, Laszlo Sr"]
[Result "0-1"]
[WhiteElo "2385"]
[BlackElo "2245"]

1.d4 Nf6 2.Nf3 d5 3.c4 c6 4.Nc3 dxc4 5.a4 Bf5 6.e3 e6 7.Bxc4 Bb4 8.O-O O-O
9.Nh4 Bg4 10.f3 Bh5 11.g4 Nd5 12.Ng2 Bg6 13.Qb3 a5 14.e4 Nb6 15.Be3 N8d7
16.Rfd1 Qe7 17.Bf2 e5 18.d5 Nc5 19.Qa2 Kh8 20.d6 Qf6 21.Be2 Nbd7 22.Bh4 Qe6
23.Bc4 Qe8 24.Be7 f6 25.Nh4 h5 26.h3 Kh7 27.Ne2 b5 28.axb5 cxb5 29.Bd5 Rc8
30.Ng3 Rh8 31.Rac1 a4 32.Nxg6 Qxg6 33.Be6 Nxe6 34.Qxe6 Qg5 35.Qf5+ Qxf5 36.Nxf5 Bc5+
37.Kg2 g6 38.Ng3 hxg4 39.fxg4 Kg7 40.Ne2 b4 41.Rc4 Kf7 42.Rd5 Bb6 43.Rxb4 Rc2
44.Kf1 Rxh3 45.Rxb6 Rh1+ 46.Kg2 Re1 47.Rb7 Rexe2+ 48.Kf3 Ke6 49.Ra5 Rh2 50.g5 f5
51.exf5+ gxf5 52.Kg3 f4+ 53.Kf3 Kf5  0-1

[Event "Multicoop op"]
[Site "Budapest"]
[Date "1992.??.??"]
[Round "4"]
[White "Dao Thien Hai"]
[Black "Markov, Jurij"]
[Result "1/2-1/2"]
[WhiteElo "2205"]
[BlackElo "2455"]

1.d4 d5 2.c4 c6 3.Nc3 Nf6 4.Nf3 dxc4 5.a4 Bf5 6.e3 e6 7.Bxc4 Bb4 8.O-O O-O
9.Qe2 Nbd7 10.Rd1 Ne4 11.Nxe4 Bxe4 12.Bd2 Qa5 13.Qe1 Bxf3 14.gxf3 Bxd2 15.Rxd2 Nb6
16.Be2 Qg5+ 17.Kh1 a5 18.Qg1 Qe7 19.Rc2 Nd5 20.Qg3 f5 21.Qe5 Nb4 22.Rcc1 f4
23.Rg1 Rf5 24.Qe4 Raf8 25.Rg4 Kh8 26.Rag1 g6 27.Qb1 c5 28.dxc5 Qxc5 29.Rc1 Qd6
30.Rd1 Qc6 31.Qe4 Qxe4 32.fxe4 Re5 33.Rxf4 Rxf4 34.exf4 Rxe4 35.Bf3 Rxf4
36.Kg2 Nd5 37.Bxd5 exd5 38.Rxd5 Rxa4 39.Rd8+ Kg7 40.Rd7+  1/2-1/2

[Event "Elekes mem"]
[Site "Budapest"]
[Date "1992.??.??"]
[Round "7"]
[White "Petran, Pal"]
[Black "Hardicsay, Peter"]
[Result "1-0"]
[WhiteElo "2470"]
[BlackElo "2355"]

1.d4 d5 2.c4 c6 3.Nc3 Nf6 4.Nf3 dxc4 5.a4 Bf5 6.Ne5 Nbd7 7.Nxc4 Nb6 8.Ne5 g6
9.f3 Bg7 10.a5 Nbd7 11.e4 Nxe5 12.dxe5 Qxd1+ 13.Kxd1 O-O-O+ 14.Kc2 Bxe4+
15.Nxe4 Nxe4 16.fxe4 Bxe5 17.Be3 Kb8 18.Bc4 e6 19.h3 Rhe8 20.Rad1 Bc7 21.b4 b6
22.axb6 axb6 23.Bg5 Rxd1 24.Rxd1 b5 25.Be2 Kc8 26.Bf6 h5 27.e5 Bd8 28.Bxd8 Rxd8
29.Rxd8+ Kxd8 30.Kc3  1-0

[Event "Multicoop op"]
[Site "Budapest"]
[Date "1992.??.??"]
[Round "7"]
[White "Hoang Than Trang"]
[Black "Pacl, Vaclav"]
[Result "1/2-1/2"]
[WhiteElo "2300"]
[BlackElo "2295"]

1.d4 d5 2.c4 c6 3.Nf3 Nf6 4.Nc3 dxc4 5.a4 Bf5 6.e3 e6 7.Bxc4 Bb4 8.O-O Nbd7
9.Qb3 a5 10.Bd2 O-O 11.Rac1 Qe7 12.Ne2 Bd6 13.Ng3 Ra7 14.Rfe1 Ne4 15.Bd3 Ndf6
16.Qc2 Bxg3 17.hxg3 Bg6 18.Ne5 Nxd2  1/2-1/2

[Event "Multicoop op"]
[Site "Budapest"]
[Date "1992.??.??"]
[Round "8"]
[White "Shabtai, Ran"]
[Black "Markov, Jurij"]
[Result "1/2-1/2"]
[WhiteElo "2340"]
[BlackElo "2455"]

1.d4 d5 2.c4 c6 3.Nf3 Nf6 4.Nc3 dxc4 5.a4 Bf5 6.e3 e6 7.Bxc4 Bb4 8.O-O O-O
9.Qe2 Nbd7 10.Ne5 Ne4 11.Nxe4 Bxe4 12.Nd3 Bd6 13.f3 Bd5 14.b3 Bxc4 15.bxc4 c5
16.d5 Qc7 17.f4 exd5 18.cxd5 f5 19.Nb2 Rae8 20.Qd3 Re4 21.Nc4 Nb6 22.Nxb6 axb6
23.Qb5 Rb4 24.Qd3 Qd7 25.a5 Ra8 26.Bd2 bxa5 27.Bxb4 cxb4 28.g4 fxg4 29.e4 a4
30.e5 Bc5+ 31.Kg2 b3 32.Qc4 b6 33.d6+ Kh8 34.Qd5 Rc8 35.e6 Qxd6 36.Qxd6 Bxd6
37.Rxa4 g6 38.Re4 b2 39.Rb1 Ba3 40.Ra4 Bc5 41.Re4 Kg7 42.Rxb2 Kf6  1/2-1/2

[Event "Buenos Aires Najdorf qual"]
[Site "Buenos Aires"]
[Date "1992.??.??"]
[Round "6"]
[White "Markeluk, Sergio"]
[Black "Fraschini, Mariano"]
[Result "1/2-1/2"]
[WhiteElo "2375"]
[BlackElo "2330"]

1.d4 d5 2.c4 c6 3.Nf3 Nf6 4.Nc3 dxc4 5.a4 Bf5 6.Ne5 e6 7.f3 Bb4 8.Nxc4 c5
9.dxc5 Qxd1+ 10.Kxd1 Bxc5 11.e4 Bg6 12.Nb5 Kd7 13.Ne5+ Kd8 14.Bg5 Nd7 15.Nxd7 Kxd7
16.Bc4 a6 17.Nc3 Rhc8 18.Kc2 Ne8 19.Rhd1+ Nd6 20.Bf4 Ke7 21.Bb3 f6 22.Kd2 Bb4
23.Ke2 Be8 24.Rd4 Bc5 25.Rd2 b5 26.Rad1 Nc4 27.Bxc4 bxc4 28.Bd6+  1/2-1/2

[Event "Buenos Aires Najdorf qual"]
[Site "Buenos Aires"]
[Date "1992.??.??"]
[Round "6"]
[White "Cranbourne, Carlos"]
[Black "Farah, Rodolfo"]
[Result "1/2-1/2"]
[WhiteElo "2285"]
[BlackElo "2210"]

1.d4 d5 2.c4 c6 3.Nf3 Nf6 4.Nc3 dxc4 5.a4 Bf5 6.e3 e6 7.Bxc4 Bb4 8.O-O Nbd7
9.Nh4 Bg6 10.Nxg6 hxg6 11.f4 O-O 12.Qf3 Rc8 13.Rd1 Qa5 14.e4 Nb6 15.Bf1 Rfd8
16.Be3 Bxc3 17.bxc3 Qxc3 18.Rdc1 Qb4 19.a5 Nbd7 20.Rcb1 Qc3 21.Rc1 Qb4 22.Rcb1 Qc3
23.Rc1 Qb4 24.Rcb1 Qc3 25.Rc1 Qb4 26.Rcb1 Qc3  1/2-1/2

[Event "BUL-ch"]
[Site "BUL"]
[Date "1992.??.??"]
[Round "2"]
[White "Kolev, Atanas"]
[Black "Panbukchian, Valentin"]
[Result "1-0"]
[WhiteElo "2445"]
[BlackElo "2340"]

1.Nf3 d5 2.d4 Nf6 3.c4 c6 4.Nc3 dxc4 5.a4 Bf5 6.e3 e6 7.Bxc4 Bb4 8.O-O Nbd7
9.Qe2 Bg6 10.e4 Bxc3 11.bxc3 Nxe4 12.Ba3 Qc7 13.Nd2 Ndf6 14.Nxe4 Nxe4 15.Rfe1 O-O-O
16.Qb2 Rhe8 17.f3 Nd6 18.Bf1 Nf5 19.Bc5 Kb8 20.a5 e5 21.dxe5 Rd5 22.Qf2 Rdxe5
23.Bxa7+ Kc8 24.Rxe5 Qxe5 25.a6 bxa6 26.Bxa6+ Kd7 27.Rd1+ Nd6 28.Bc5 Re6
29.Bc4 Rf6 30.Bd4 Qa5 31.Bxf6 gxf6 32.Qd4 Qa3 33.Bd3 Bxd3 34.Rxd3 Kc7 35.h3 Nb5
36.Qxf6 Qc5+ 37.Kh2 Qc4 38.Qe5+ Kb7 39.Qe2 Qc5 40.Qe3 Qf5 41.c4 Nc7 42.Qd4 h5
43.Qe4 Qc5 44.Rd7  1-0

[Event "BUL-ch"]
[Site "BUL"]
[Date "1992.??.??"]
[Round "4"]
[White "Genov, Petko"]
[Black "Panbukchian, Valentin"]
[Result "0-1"]
[WhiteElo "2300"]
[BlackElo "2340"]

1.d4 d5 2.c4 c6 3.Nf3 Nf6 4.Nc3 dxc4 5.a4 Bf5 6.e3 e6 7.Bxc4 Bb4 8.O-O Nbd7
9.Qe2 Bg6 10.e4 Bxc3 11.bxc3 Nxe4 12.Ba3 Qa5 13.Bb4 Qc7 14.Nd2 c5 15.dxc5 Nexc5
16.Bb5 b6 17.a5 O-O 18.axb6 axb6 19.Qf3 Rxa1 20.Rxa1 h6 21.Nc4 Rd8 22.Rd1 Nf6
23.Ne3 Nce4 24.Rxd8+ Qxd8 25.Qe2 Qc7 26.Qe1 Nd6 27.Bf1 Nf5 28.Nxf5 Bxf5 29.c4 Ng4
30.g3 Ne5 31.Qe3 Nxc4 32.Qc1 b5 33.Bxc4 bxc4 34.Qe3 Qb7 35.Bc3 f6 36.f3 e5
37.g4 Bd3 38.Kf2 Qb3 39.Qe1 Qb8 40.Kg2 e4 41.fxe4 Qf4  0-1

[Event "BUL-ch"]
[Site "BUL"]
[Date "1992.??.??"]
[Round "13"]
[White "Semkov, Semko"]
[Black "Panbukchian, Valentin"]
[Result "0-1"]
[WhiteElo "2480"]
[BlackElo "2340"]

1.d4 d5 2.c4 c6 3.Nf3 Nf6 4.Nc3 dxc4 5.a4 Bf5 6.e3 e6 7.Bxc4 Bb4 8.O-O Nbd7
9.Nh4 O-O 10.h3 a5 11.Qe2 Re8 12.Rd1 Nb6 13.Bb3 Qe7 14.Bd2 Rad8 15.Be1 h6
16.Rac1 Bh7 17.Nf3 Nfd7 18.Bc2 Bxc2 19.Qxc2 e5 20.dxe5 Nxe5 21.Nd4 g6 22.Nde2 Rxd1
23.Rxd1 Rd8 24.Kf1 Rd7 25.b3 Qd8 26.Rd4 Rxd4 27.exd4 Ned7 28.Bd2 h5 29.Bf4 Nf8
30.Qe4 Ne6 31.Be5 Bxc3 32.Nxc3 Qg5 33.Qe1 Qf5 34.Kg1 Nd7 35.Qe4 f6 36.Qxf5 gxf5
37.d5 fxe5 38.dxe6 Nc5 39.f4 exf4 40.e7 Kf7 41.Ne2 Nxb3  0-1